| 000 | 00950nam a22002537a 4500 | ||
|---|---|---|---|
| 005 | 20180224124808.0 | ||
| 010 | _aBAC-EN21 ENG-111758 B-663919 | ||
| 020 |
_c350.00 _a9789350297193 |
||
| 035 | _aEN-95290 | ||
| 035 | _aB-583108-126 | ||
| 035 | _aB-663919 | ||
| 037 |
_bPansy Books/Ven _adpl |
||
| 037 | _bDBAD/PUB | ||
| 082 | _aN | ||
| 100 | _aShukla, Vinod Kumar | ||
| 245 | 0 | 0 |
_aOnce it flowers / _cby Vinod Kumar Shukla ; translated from the Hindi by Satti Khanna |
| 260 |
_aNoida _bHarper Collins Publishers _c2014 |
||
| 270 |
_aA-75,Sector 57 _bNoida _e201301 |
||
| 300 |
_a329p. _c22cm(pbk) |
||
| 700 | _aKhanna, Satti | ||
| 942 |
_2ddc _cEN _hN _mSHU |
||
| 999 |
_c89245 _d89245 |
||